<?xml version='1.0' encoding='UTF-8'?>
  <record xmlns="http://www.loc.gov/MARC21/slim">
    <leader>00000cam a2200000Mi 4500</leader>
    <controlfield tag="001">ocm65743751</controlfield>
    <controlfield tag="003">OCoLC</controlfield>
    <controlfield tag="005">20251113193234.9</controlfield>
    <controlfield tag="008">900418s1756    ne            000 0 dut d</controlfield>
    <datafield tag="040" ind1=" " ind2=" ">
      <subfield code="a">NLGGC</subfield>
      <subfield code="b">dut</subfield>
      <subfield code="e">fobidrtb</subfield>
      <subfield code="c">NLGGC</subfield>
      <subfield code="d">OCLCO</subfield>
    </datafield>
    <datafield tag="066" ind1=" " ind2=" ">
      <subfield code="c">(S</subfield>
    </datafield>
    <datafield tag="029" ind1="0" ind2=" ">
      <subfield code="a">NLGGC</subfield>
      <subfield code="b">084136103</subfield>
    </datafield>
    <datafield tag="035" ind1=" " ind2=" ">
      <subfield code="a">(OCoLC)65743751</subfield>
    </datafield>
    <datafield tag="041" ind1="1" ind2=" ">
      <subfield code="a">dut</subfield>
      <subfield code="h">ger</subfield>
    </datafield>
    <datafield tag="072" ind1=" " ind2="7">
      <subfield code="a">a</subfield>
      <subfield code="2">odfysin</subfield>
    </datafield>
    <datafield tag="072" ind1=" " ind2="7">
      <subfield code="a">i</subfield>
      <subfield code="2">odfysin</subfield>
    </datafield>
    <datafield tag="072" ind1=" " ind2="7">
      <subfield code="a">x</subfield>
      <subfield code="2">odfysin</subfield>
    </datafield>
    <datafield tag="072" ind1=" " ind2="7">
      <subfield code="a">z</subfield>
      <subfield code="2">odfysin</subfield>
    </datafield>
    <datafield tag="084" ind1=" " ind2=" ">
      <subfield code="a">24.66</subfield>
      <subfield code="2">bcl</subfield>
    </datafield>
    <datafield tag="100" ind1="1" ind2=" ">
      <subfield code="a">Schmidt, Johann Michael,</subfield>
      <subfield code="d">1728-1799.</subfield>
      <subfield code="1">https://id.oclc.org/worldcat/entity/E39PBJyhgWbdyHGGmJ9rPKTGpP</subfield>
    </datafield>
    <datafield tag="245" ind1="1" ind2="0">
      <subfield code="a">Musico-theologia, of Stigtelyke toepassing van muzikaale waarheden; /</subfield>
      <subfield code="c">ontworpen door mr. Johann Michael Schmidt. Uit het Hoogduitsche vertaald door Jacob Wilhelm Lustig ..</subfield>
    </datafield>
    <datafield tag="246" ind1="3" ind2=" ">
      <subfield code="a">Musico-theologia</subfield>
    </datafield>
    <datafield tag="246" ind1="3" ind2=" ">
      <subfield code="a">Mvsico-theologia, of Stigtelyke toepassing van muzikaale waarheden</subfield>
    </datafield>
    <datafield tag="260" ind1=" " ind2=" ">
      <subfield code="a">Te Amsterdam, :</subfield>
      <subfield code="b">by A. Olofsen ...,</subfield>
      <subfield code="c">[1756]</subfield>
    </datafield>
    <datafield tag="300" ind1=" " ind2=" ">
      <subfield code="a">XXIII, [1], 261, [25] p. :</subfield>
      <subfield code="b">gegrav. titel. ;</subfield>
      <subfield code="c">in-12.</subfield>
    </datafield>
    <datafield tag="336" ind1=" " ind2=" ">
      <subfield code="a">tekst</subfield>
      <subfield code="b">txt</subfield>
      <subfield code="2">rdacontent/dut</subfield>
    </datafield>
    <datafield tag="337" ind1=" " ind2=" ">
      <subfield code="a">zonder medium</subfield>
      <subfield code="b">n</subfield>
      <subfield code="2">rdamedia/dut</subfield>
    </datafield>
    <datafield tag="338" ind1=" " ind2=" ">
      <subfield code="a">band</subfield>
      <subfield code="b">nc</subfield>
      <subfield code="2">rdacarrier/dut</subfield>
    </datafield>
    <datafield tag="700" ind1="1" ind2=" ">
      <subfield code="a">Lustig, Jacob Wilhelm</subfield>
      <subfield code="q">(Jacques Guillaume),</subfield>
      <subfield code="d">1706-1796.</subfield>
    </datafield>
    <datafield tag="710" ind1="2" ind2=" ">
      <subfield code="a">Olofsen, Arnoldus (Amsterdam)</subfield>
      <subfield code="4">prt</subfield>
      <subfield code="0">(NL-LeOCL)07713298X</subfield>
    </datafield>
    <datafield tag="776" ind1="0" ind2=" ">
      <subfield code="a">Schmidt, Johann Michael</subfield>
      <subfield code="t">Musico-theologia, of Stigtelyke toepassing van muzikaale waarheden;</subfield>
      <subfield code="w">(NL-LeOCL)426038126</subfield>
      <subfield code="w">(OCoLC)1200513911</subfield>
    </datafield>
    <datafield tag="776" ind1="0" ind2=" ">
      <subfield code="a">Schmidt, Johann Michael</subfield>
      <subfield code="t">Musico-theologia, of Stigtelyke toepassing van muzikaale waarheden;</subfield>
      <subfield code="w">(NL-LeOCL)426038134</subfield>
      <subfield code="w">(OCoLC)1200513911</subfield>
    </datafield>
    <datafield tag="880" ind1=" " ind2=" ">
      <subfield code="6">500-00</subfield>
      <subfield code="a">Collatieformule: π  *12 A-M12 (M12 blanco).</subfield>
    </datafield>
  </record>